00888cam a22002417a 4500003000500000005001700005008004100022010001000063011001000073035001000083040000900093100004000102245013300142260004100275300001000316502011800326530003600444650001600480650003400496650002800530650002500558856006300583CHAP20220329142742.0030602s2003 mx r 00010 spa d a87274 a88246 a98791 cCHAP00aMaldonado Ordaz, Francisco Jesús.10aDiferentes ecuaciones para predecir la producción de leche por día en ganado lecheroc/por Francisco Jesús Maldonado Ordaz aChapingo, Méx. :bEl autor,c2003. a56 h. aTesis (Ing. Agr. Esp. en Zootecnia) -- UACH. Departamento de Enseñanza, Investigación y Servicio en Zootecnia aTambién disponible en línea14aEcuaciones.14aGanado lecheroxProducción.14aLechexInvestigación.14aLechexProducción. 3Finding aiduhttp://10.13.5.2/tesis/98791.pdfzTeclea aqui